000
00281nam a22001337a 4500
008
181015b xxu||||| |||| 00| 0 eng d
020
_a
0394739655
041
_a
eng
080
_a
940
100
_a
16
101
_a
SHH
245
_a
Working Lives
_c
Miller,M.S
942
_2
udc
_c
BK
999
_c
49728
_d
49728